Lyrics Quiz-Metallica "For Whom The Bell Tolls" - Statistics

General Stats
  • This quiz has been taken 358 times
  • The average score is 97 of 162
Answer Stats
Answer % Correct
the
98%
to
96%
be
95%
be,
95%
for
94%
For
94%
whom
91%
bell
90%
tolls
89%
on
87%
On
87%
Time
87%
time
87%
a
86%
die
78%
hill
78%
in
78%
day
75%
early
74%
marches
73%
fight
71%
will
68%
know
66%
they
66%
do
65%
Make
63%
not
62%
you
61%
kill.
60%
men
60%
Men
60%
inside
57%
sky
57%
Why,
57%
last
56%
It´s
55%
would
54%
before
53%
deep
53%
just
53%
look
51%
his
49%
Take
49%
run
48%
chill
47%
right,
47%
through
46%
alive
43%
Constant
42%
gun,
42%
raging
42%
but
41%
say?
41%
so
41%
still
41%
that
41%
pain
40%
who´s
40%
yes,
40%
surely
39%
five,
38%
Gone
38%
gone
38%
endless
37%
from
37%
test
36%
He
35%
wounds
35%
eyes
34%
pride
34%
their
34%
of
33%
insane
32%
see
32%
glow
31%
grey
29%
roar,
29%
roar
29%
is
28%
loud
28%
now
28%
Now
28%
this
28%
silence
27%
what
26%
are
25%
Blackened
25%
mystery
25%
Stiffened
25%
all
24%
fills
24%
massive
24%
Shouting
24%
crumbling
23%
with
22%
hears
21%
Crack
20%
cry
20%
dawn,
20%
except
20%
ruthless
19%
Stranger
19%
blinded
17%
Shattered
15%
soul
15%
goal
12%
No matching quizzes found
Score Distribution
Percent of People with Each Score
Percentile by Number Answered
Your Score History
You have not taken this quiz